00000000cam 2200000zi 4500
0019.963087
003CaOODSP
00520260526130449
006m     o  d f      
007cr bn|||||||||
008260526s2004    onca    ob   f000 0 fre d
040 |aCaOODSP|bfre|erda|cCaOODSP
043 |an-cn---
0861 |aT52-4/289-2004F-PDF
24500|aGuide d'étude et de référence : |btype particulier : hélicoptère (examen HATRA).
250 |aPremière édition.
264 1|a[Ottawa] : |bTransports Canada = Transport Canada, |c[2004]
300 |a1 ressource en ligne (38 pages) : |billustrations
336 |atexte|btxt|2rdacontent/fre
337 |ainformatique|bc|2rdamedia/fre
338 |aressource en ligne|bcr|2rdacarrier/fre
500 |aPublié aussi en anglais sous le titre : Study and reference guide: type rating: helicopter (HATRA exam).
500 |aCette publication est la révision d'octobre 2004 de la troisième édition publiée initialement en janvier 2002.
500 |a« TP 13733F (révisé 10/2004). »
500 |a« Janvier 2002. »
504 |aComprend des références bibliographiques.
650 6|aHélicoptères|xPilotage|zCanada|xExamens|vGuides de l'étudiant.
650 6|aPilotes d'hélicoptère|xPermis, licences, etc.|zCanada.
655 7|aGuides de l'étudiant|2rvmgf
7101 |aCanada. |bTransports Canada, |eorganisme de publication.
77508|tStudy and reference guide : |w(CaOODSP)9.961544
85640|qPDF|s441 Ko|uhttps://publications.gc.ca/collections/collection_2026/tc/T52-4-289-2004-fra.pdf
8564 |qHTML|sS.O.|uhttps://tc.canada.ca/fr/aviation/publications/guide-etude-reference-type-particulier-helicoptere-tp-13733
986 |aTP 13733F